01974nam a22002297a 4500003000400000020001800004082001200022100002200034245002400056250000800080260002900088300000800117650003300125653075500158942001600913952016000929952016001089952016001249952016001409952016001569999001501729SGT  a9788131758915  a531,GOL  aGOLDSTEIN,HERBERT  aCLASSICAL MECHANICS  a3RD  aNEW DELHIbPEARSONc2016  a646  aCLASSICAL MECHANICS, PHYSICS  a1.	SURVEY OF THE ELEMENTARY PRINCIPLES 2.	VARIATIONAL PRINCIPLES AND LAGRANGE’S EQUATIONS 3.	THE CENTRAL FORCE PROBLEM 4.	THE KINEMATICS OF RIGID BODY MOTION 5.	THE RIGID BODY EQUATIONS OF MOTION 6.	OSCILLATIONS 7.	THE CLASSICAL MECHANICS OF THE SPECIAL THEORY OF RELATIVITY 8.	THE HAMILTON EQUATIONS OF MOTION 9.	CANONICAL TRANSFORMATIONS 10.	HAMILTON–JACOBI THEORY AND ACTION-ANGLE VARIABLES 11.	CLASSICAL CHAOS 12.	CANONICAL PERTURBATION THEORY 13.	INTRODUCTION TO THE LAGRANGIAN AND HAMILTONIAN FORMULATIONS FOR CONTINUOUS SYSTEMS AND FIELDS  APPENDIX A EULER ANGLES IN ALTERNATE CONVENTIONS AND CAYLEY–KLEIN PARAMETERS APPENDIX B GROUPS AND ALGEBRAS APPENDIX C SOLUTIONS TO SELECT EXERCISES SELECTED BIBLIOGRAPHY AUTHOR INDEX SUBJECT INDEX  2ddccFPS02  00102ddc40708FSaSSSLbSSSLcDISPLAYd2016-06-28eAHUJA BOOKSg725.00iSGTUl4o531,GOLpPS1483r2023-01-04 00:00:00s2022-12-21w2016-03-03yFPSk6680  00102ddc40708FSaSSSLbSSSLcDISPLAYd2016-06-28eAHUJA BOOKSg725.00iSGTUl1o531,GOLpPS1484r2017-09-25 00:00:00s2017-09-08w2016-03-03yFPSk6680  00102ddc40708FSaSSSLbSSSLcDISPLAYd2016-06-28eSPARCH BOOKSg725.00iSGTUl1o531,GOLpPS511r2017-09-28 00:00:00s2017-09-08w2014-11-21yFPSk1285  00102ddc40708FSaSSSLbSSSLcDISPLAYd2016-06-28eSPARCH BOOKSg725.00iSGTUl4o531,GOLpPS512r2022-12-17 00:00:00s2022-12-16w2014-11-21yFPSk1285  00102ddc40708FSaSSSLbSSSLcDISPLAYd2016-06-28eSPARCH BOOKSg725.00iSGTUl3o531,GOLpPS513r2018-08-31 00:00:00s2018-08-14w2014-11-21yFPSk1285  c9287d9287